<The> 1993 world book year book <the> annual supplement to The World Book Encyclopedia

Salvato in:
Dettagli Bibliografici
Natura: Libro
Lingua:inglese
Pubblicazione: Chicago World Book 1993
Tags: Aggiungi Tag
Nessun Tag, puoi essere il primo ad aggiungerne!!

MARC

LEADER 00000nam a2200000 4500
001 c103109
005 20221123112951.3
020 |a 0-7166-0493-0 
022 |a 0084-1439 
041 0 |a eng 
044 |a US 
245 1 0 |a <The> 1993 world book year book  |b <the> annual supplement to The World Book Encyclopedia 
264 1 |a Chicago  |b World Book  |c 1993 
300 |a 576 s.